| 000 | 00803nam a2200205Ia 4500 | ||
|---|---|---|---|
| 005 | 20240530110938.0 | ||
| 008 | 140319s2002 xx 000 0 ara d | ||
| 040 |
_aGCL / _cGCL |
||
| 082 | 0 | 4 |
_a411 / _bم ت |
| 100 | 1 | _aمحمود عكاشة | |
| 245 | 1 | 0 |
_aالتحليل اللغوى فى ضوء علم الدلالة : _bدراسة فى الدلالة الصوتية والصرفية والنحوية والمعجمية / _cمحمود عكاشة |
| 250 | _aالاولى | ||
| 260 |
_aالقاهرة : _bمكتبة النهضة المصرية ، _c2002 |
||
| 300 |
_a238 ص ؛ _c24 سم |
||
| 650 | 0 | 4 | _aاللغة العربية - الصرف |
| 650 | 0 | 4 | _aاللغة ، علم |
| 650 | 0 | 4 | _aالنحو - الاصوات |
| 942 |
_2ddc _cBK |
||
| 999 |
_c66769 _d66769 |
||